00655nam a2200193 a 450000100100000000500170001000800410002704000250006808200170009324500470011025000110015726000700016830000200023865000270025865000290028504900090031495201210032399900170044400001993120200929170208.0100709s1966 ag r 000 p spa d aDO-SdBNPbspacBNPHU aCH861bP964d00aProgramas :bdía de la madre y poesía. a2a ed. aBuenos Aires, Argentina :bCasa Bautista de Publicaciones,c1966. a62 p. ;c19 cm. 4aPoesía chilena99166 4aLiteratura chilena93164 aBNGR 001054708MOaGRbGRcCTd2010-07-09iLF1l0oCH861 P964dp19931-10r2020-06-25w2020-06-25y4ZPréstamo en sala c19444d19444